Public finance (Registro nro. 6061)
[ vista simple ]
| 000 -LEADER | |
|---|---|
| fixed length control field | 01475 a2200241 4500 |
| 001 - CONTROL NUMBER | |
| control field | 56890 |
| 005 - DATE AND TIME OF LATEST TRANSACTION | |
| control field | 20260407155832.0 |
| 008 - FIXED-LENGTH DATA ELEMENTS--GENERAL INFORMATION | |
| fixed length control field | 260407a1999 arg spa d |
| 003 - CONTROL NUMBER IDENTIFIER | |
| control field | AR-UNSa-BCEJYS |
| 040 ## - CATALOGING SOURCE | |
| Original cataloging agency | AR-UNSa-BCEJYS |
| Language of cataloging | spa |
| Transcribing agency | AR-UNSa-BCEJYS |
| 080 ## - UNIVERSAL DECIMAL CLASSIFICATION NUMBER | |
| Universal Decimal Classification number | 336.1 |
| Common auxiliary subdivision | Finanzas Públicas. Finanzas del gobierno en general<br/> <br/> |
| 020 ## - INTERNATIONAL STANDARD BOOK NUMBER | |
| International Standard Book Number | 0-256-17329-X |
| 041 ## - LANGUAGE CODE | |
| Language code of text/sound track or separate title | spa |
| 100 1# - MAIN ENTRY--PERSONAL NAME | |
| Personal name | Rosen, Harvey S. |
| 245 10 - TITLE STATEMENT | |
| Title | Public finance |
| 250 ## - EDITION STATEMENT | |
| Edition statement | 5a. ed. |
| 264 #1 - PRODUCTION, PUBLICATION, DISTRIBUTION, MANUFACTURE, AND COPYRIGHT NOTICE | |
| Place of production, publication, distribution, manufacture | Boston : |
| Name of producer, publisher, distributor, manufacturer | Irwin/McGraw-Hill |
| Date of production, publication, distribution, manufacture, or copyright notice | 1999 |
| 300 ## - PHYSICAL DESCRIPTION | |
| Extent | xxxii, 573 p. |
| Dimensions | 26 cm. |
| 505 ## - FORMATTED CONTENTS NOTE | |
| Formatted contents note | 1. Introduction – 2. Public Finance and Attitudes toeard Government – 3. Tools of Positive Analysis – 4. Tools of Normative Analysis – 5. Public Goods – 6. Externalities – 7. Political Economy – 8. Income Redistribution: Conceptual Issues – 9. Expenditure Programs for the Poor – 10. Social Insurance I: Social Security and Unemploymet – 11. Social Insurance II: Health Care – 12. Cost-Benefit Analysis – 13. Taxation and Income Distribution – 14. Taxation and Efficiency – 15. Efficient and Equitable Taxation – 16. The Personal Income Tax – 17. Personal Taxation and Behavior – 18. The Corporation Tax – 19. Deficit Finance – 20. Taxes on Consumption and Wealth – 21. Public Finance in a Federal System |
| 590 ## - LOCAL NOTE (RLIN) | |
| Local note | niveau_biblio:m niveau_hierar:0 |
| 856 41 - ELECTRONIC LOCATION AND ACCESS | |
| Uniform Resource Identifier | <a href="https://biblioeco.unsa.edu.ar/pmb/images/libros/L128622.jpg">https://biblioeco.unsa.edu.ar/pmb/images/libros/L128622.jpg</a> |
| Link text | Imagen de portada |
| Electronic format type | image/jpeg |
| 942 ## - ADDED ENTRY ELEMENTS (KOHA) | |
| Koha item type | |
| Withdrawn status | Lost status | Damaged status | Not for loan | Home library | Current library | Shelving location | Date acquired | Total checkouts | Full call number | Barcode | Date last seen | Price effective from | Koha item type |
|---|---|---|---|---|---|---|---|---|---|---|---|---|---|
| Biblioteca Prof. Eusebio Cleto del Rey | Biblioteca Prof. Eusebio Cleto del Rey | 07/04/2026 | 336.1 R813p 5ed. | L128622 | 07/04/2026 | 07/04/2026 | Libro |